صحيح البخاري/ (Record no. 6102)
[ view plain ]
| 000 -الفاتح | |
|---|---|
| حقل البيانات ثابتة الطول | 01071nam a22002415a 4500 |
| 003 - محدد رقم الضبط | |
| رقم الضبط | OSt |
| 005 - وقت وتاريخ اخر تعامل مع التسجيلة | |
| رقم الضبط | 20201124141840.0 |
| 008 - عناصر البيانات ثابتة الطول - معلومات عامة | |
| حقل البيانات ثابتة الطول | 100721k19702000ua|||||fr|| 00010 aaradd |
| 040 ## - مصدر الفهرسة | |
| وكالة الفهرسة الأصلية | EG-ScBUE |
| لغة الفهرسة | ara |
| وكالة النسخ | EG-ScBUE |
| 082 04 - رقم تصنيف ديوى العشرى | |
| رقم التصنيف | 297.124 |
| رقم المادة | ا ل ب |
| رقم الطبعة | 22 |
| 100 1# - المدخل الرئيسى - إسم شخصى | |
| الإسم الشخصى | البخاري ، |
| 9 (RLIN) | 16495 |
| الشكل الأكمل للاسم | أبي عبد الله محمد بن إسماعيل بن ابراهيم بن بردزبه |
| 245 ## - بيان العنوان | |
| العنوان | صحيح البخاري/ |
| بيان المسئوليه,etc | تأليف أبي عبد الله محمد بن إسماعيل بن إبراهيم بن بردزبه الجعفي ؛ تحقيق ومراجعة لجنة إحياء السنة |
| 260 ## - PUBLICATION, DISTRIBUTION, ETC. (IMPRINT) | |
| مكان الناشر او الموزع | القاهرة : |
| اسم الناشر او الموزع | المجلس الاعلى للشئون الاسلامية ، |
| تاريخ النشر أو التوزيع | 1970-2000. |
| 300 ## - الوصف المادى | |
| التعداد | 11 مج ؛ |
| أبعاد الوعاء | 24 سم |
| 490 ## - بيان السلسلة | |
| عنوان السلسلة | لجنة إحياء كتب السنة |
| 500 ## - تبصرة عامة | |
| تبصرة عامة | يشتمل على فهارس. |
| 541 ## - تبصرة المصدر المباشر للتزويد | |
| مصدر التزويد | ألف باء ؛ |
| طريقة التزويد | شراء ؛ |
| 590 ## - تبصرة محلية(RLIN) | |
| تبصرة محلية | doaa mohamed |
| 650 ## - المدخل الاضافى بالموضوع-مصطلح موضوعى | |
| مصطلح موضوعي أو اسم جغرافي كعنصر مدخل | الحديث |
| 9 (RLIN) | 16498 |
| التقسيم الفرعي العام | صحيح البخارى |
| مصدر الرأس أو المصطلح | BUEsh |
| 651 ## - المدخل الاضافى بالموضوع - اسم جغرافى | |
| مصدر الرأس أو المصطلح | BUEsh |
| 653 ## - مصطلح تكشيفى غير مقيد | |
| Resource For college | Arabic Literature |
| Arrived date list | August2015 |
| 942 ## - عناصر المدخل الإضافي( كوها) | |
| Koha [default] item type | Book - Borrowing |
| سابقة رقم الطلب | 297.124 ا ل ب |
| مصدر التصنيف او مخطط الترفيف | Dewey Decimal Classification |
| حالة التراجع | حالة الفقد | مصدر التصنيف او خطة الترفيف | حالة تلف | ليس للاعارة | مجموعات كوها | المكان الدائم | المكان الحالي | موقع الترفيف | تاريخ الاكتساب | Source of acquisition | رقم الاستدعاء | الباركود | Date last seen | نوع الوعاء | تبصرة عامة |
|---|---|---|---|---|---|---|---|---|---|---|---|---|---|---|---|
| Dewey Decimal Classification | Alef-Baa | Central Library | Central Library | Lower Floor | 28/07/2010 | 297.124 ا ل ب | 000007746 | 15/07/2025 | Book - Borrowing | ج 4 | |||||
| Dewey Decimal Classification | Alef-Baa | Central Library | Central Library | Lower Floor | 28/07/2010 | 297.124 ا ل ب | 000008617 | 15/07/2025 | Book - Borrowing | ج7 | |||||
| Dewey Decimal Classification | Alef-Baa | Central Library | Central Library | Lower Floor | 28/07/2010 | 297.124 ا ل ب | 000007751 | 15/07/2025 | Book - Borrowing | ج 9 | |||||
| Dewey Decimal Classification | Alef-Baa | Central Library | Central Library | Lower Floor | 28/07/2010 | 297.124 ا ل ب | 000007749 | 15/07/2025 | Book - Borrowing | ج 11 | |||||
| Dewey Decimal Classification | Alef-Baa | Central Library | Central Library | Lower Floor | 28/07/2010 | 297.124 ا ل ب | 000007747 | 15/07/2025 | Book - Borrowing | ج 8 | |||||
| Dewey Decimal Classification | Alef-Baa | Central Library | Central Library | Lower Floor | 28/07/2010 | 297.124 ا ل ب | 000007748 | 15/07/2025 | Book - Borrowing | ج 2 | |||||
| Dewey Decimal Classification | Alef-Baa | Central Library | Central Library | Lower Floor | 28/07/2010 | 297.124 ا ل ب | 000008616 | 15/07/2025 | Book - Borrowing | ج 5 | |||||
| Dewey Decimal Classification | Alef-Baa | Central Library | Central Library | Lower Floor | 28/07/2010 | 297.124 ا ل ب | 000008615 | 15/07/2025 | Book - Borrowing | ج 6 | |||||
| Dewey Decimal Classification | Alef-Baa | Central Library | Central Library | Lower Floor | 16/02/2011 | 297.124 ا ل ب | 000008590 | 15/07/2025 | Book - Borrowing | ج1 | |||||
| Dewey Decimal Classification | Alef-Baa | Central Library | Central Library | Lower Floor | 17/11/2011 | 297.124 ا ل ب | 000025655 | 15/07/2025 | Book - Borrowing | ج. 10. | |||||
| Dewey Decimal Classification | Alef-Baa | Central Library | Central Library | Lower Floor | 17/11/2011 | 297.124 ا ل ب | 000025656 | 15/07/2025 | Book - Borrowing | ج .3 |